| 000 | 00000nas 2200000za 4500 |
| 001 | 9.855220 |
| 003 | CaOODSP |
| 005 | 20221107155240 |
| 007 | cr ||||||||||| |
| 008 | 180413d19221947oncar p oss f0###a0eng|d |
| 022 | |y0825-463X |
| 040 | |aCaOODSP|beng |
| 043 | |an-cn--- |
| 086 | 1 |aCS47-203E-PDF |
| 245 | 00|aReport on the musical instrument industry in Canada |h[electronic resource]. |
| 260 | |a[Ottawa] : |bDominion Bureau of Statistics, |c1924-1949. |
| 310 | |aAnnual |
| 362 | 0 |a1922-1947. |
| 500 | |aDigitized edition from print [produced by Statistics Canada]. |
| 515 | |aNot published 1921. |
| 550 | |aIssued 1935-1945 by General Manufactures Branch; 1946 by General Manufacturing Statistics; 1947 by Industry and Merchandising Division, General Manufactures Section. |
| 692 | 07|2gccst|aMusic |
| 710 | 1 |aCanada. |bDominion Bureau of Statistics. |
| 710 | 1 |aCanada. |bCensus of Industry. |bGeneral Manufactures Branch. |
| 710 | 1 |aCanada. |bDominion Bureau of Statistics. |bGeneral Manufactures Section. |
| 710 | 1 |aCanada.|bCensus of Industry.|bGeneral Manufacturing Statistics. |
| 780 | 00|tPreliminary report, the musical instrument industry in Canada |w(CaOODSP)9.855219 |
| 785 | 00|tThe musical instrument industry in Canada |w(CaOODSP)9.855221 |